00373 a2200133 4500001000700000003000400007005001700011008004100028082001600069245007500085260004500160300001000205700002400215066592OSt20211004104201.0  a791.43bO2O1 aThe oxford handbook of film and media studiescEdited by Robert Kolker aNew DelhibOxford University Pressc2008 a628p. aKolker, Robert, ed.